| 000 | 00558nam a2200145 i 4500 | ||
|---|---|---|---|
| 001 | bg | ||
| 245 | 0 |
_aGospodarka smarownicza : _b(skrypt szkoleniowy dla słuchaczy kursów III stopnia) : praca zbiorowa / _c[pod red. Ryszarda Czarneckiego] ; Naczelna Organizacja Techniczna. Oddzieł Wojewódzki, Ośrodek Doskonalenia Kadr w Częstochowie. |
|
| 260 |
_aCzęstochowa : _bNOT Oddz. Woj., _c1979. |
||
| 300 |
_a193 s. : _brys., wykr. ; _c21 cm. |
||
| 040 | _cBPK | ||
| 041 | _apol | ||
| 080 | _a621.89 | ||
| 942 | _cKS | ||
| 008 | s pl f |000 0 pol | ||
| 999 |
_c1236 _d1236 |
||
| 856 |
_uhttp://koha.tu.koszalin.pl/cgi-bin/koha/opac-detail.pl?biblionumber=1236 _yKatalog online BPK |
||